01475cam a2200301 a 4500001000400000003001000004005001700014008004100031020001800072040002500090080001900115090002000134100003200154245016100186260003800347300002000385504002500405650002900430650003200459650003700491942001200528952012400540952012400664952012400788952012400912952012401036999001301160122BR-CuiBMT20231117000316.0230816s2021 mgb 000 0 por d a9786555180992 aBR-CuiBMTcBR-CuiBMT 22007a35.078.3 a35.078.3bL732c1 aLima, Luiz Henrique,d1960-10aControle externo contemporâneo :breflexões, debates e polêmicas sobre o futuro dos tribunais de contas no Estado democrático /cLuiz Henrique Lima. aBelo Horizonte :bFórum,c2021. a174 p. ;c21 cm aInclui bibliografia. aControle externozBrasil aTribunais de contaszBrasil aFinanças públicasxAuditoria 2udccLV 00102udc4070aBIBTCEMTbBIBTCEMTd2023-06-28l0o35.078.3 L732cpBIBTCEMT23080099r2023-08-16tEx. 1w2023-08-16yLV 00102udc4070aBIBTCEMTbBIBTCEMTd2023-11-23l0o35.078.3 L732cpBIBTCEMT23110960r2023-11-23tEx. 2w2023-11-23yLV 00102udc4070aBIBTCEMTbBIBTCEMTd2023-11-23l0o35.078.3 L732cpBIBTCEMT23110961r2023-11-23tEx. 3w2023-11-23yLV 00102udc4070aBIBTCEMTbBIBTCEMTd2023-11-23l0o35.078.3 L732cpBIBTCEMT23110962r2023-11-23tEx. 4w2023-11-23yLV 00102udc4070aBIBTCEMTbBIBTCEMTd2023-11-23l0o35.078.3 L732cpBIBTCEMT23110963r2023-11-23tEx. 5w2023-11-23yLV c122d122